Discriminant analysis

Αποθηκεύτηκε σε:
Λεπτομέρειες βιβλιογραφικής εγγραφής
Κύριος συγγραφέας: Klecka, William R.
Μορφή: Βιβλίο
Γλώσσα:English
Δημοσίευση: Newbury Park, Calif. : Sage Publications, c1980
Σειρά:Sage university papers series. Quantitative applications in the social sciences ; ; 19
Θέματα:
Ετικέτες: Προσθήκη ετικέτας
Δεν υπάρχουν, Καταχωρήστε ετικέτα πρώτοι!

MARC

LEADER 00000nam a2200000 i 4500
001 1/14844
008 981015s1980 eng d
020 |a 0-8039-1491-1 
035 |l 10065157 
040 |a GR-MY-UA  |b gre  |e aacr 
041 0 |a eng 
082 0 |a 519.535 
100 1 |a Klecka, William R. 
245 1 0 |a Discriminant analysis /  |c William R. Klecka 
260 |a Newbury Park, Calif. :   |b Sage Publications,   |c c1980 
300 |a 71 p.;  |b ill.;  |c 22 cm. 
490 1 |a Sage university papers series. Quantitative applications in the social sciences  |v ; 19 
504 |a Includes bibliographical references 
650 0 0 |a Discriminant analysis. 
650 0 0 |a Social sciences  |x Statistical methods. 
830 0 |a Sage university papers series. Quantitative applications in the social sciences ;  |v ; 19 
852 |a INST  |b LESVOS  |e 19981015  |h 300.72 KLE  |p 005100018476  |q 005100018476  |t BK  |y 0 
852 |a INST  |b SAMOS  |e 20001214  |h 519.535 KLE  |p 005300018216  |q 005300018216  |t BK  |y 0 
901 |a BIBL3-2001-1 
901 |a BIBL1-1999-1 
909 |a Σ  |b 082910 
909 |a Λ  |b 059497 
922 |a 3ΕΛΗ  |b 200011  |c ΤΣΑΕ/ΚΒ  |d ΜΙΧΑΛΟΠΟΥΛΟΣ 
922 |a 1ΕΛΗ  |b 199809  |c ΚΠΣ/ΤΓ  |d ΠΑΠΑΣΩΤΗΡΙΟΥ 
950 |a 184-2000-09-12 
950 |a 118-1998-07-23 
970 |a ΠΟΥΡΝΑΡΑΣ  |b ΔΗΜΗΤΡΗΣ  |z 2001/01/23